| 000 | 01029nam a22002537a 4500 | ||
|---|---|---|---|
| 005 | 20170124103041.0 | ||
| 010 | _aA-563458 | ||
| 020 | _c45.00 | ||
| 035 | _aA-563458 | ||
| 037 | _bCen Lib/Ret | ||
| 040 |
_aDPL _bHN |
||
| 082 |
_aउ _bमित्रवि |
||
| 100 |
_aमित्र, विमल _967332 |
||
| 245 |
_aबीच में है नदी / _cविमल मित्र |
||
| 246 |
_aBeech mein hai nadi / _bby Vimal Mitra |
||
| 260 |
_aदिल्ली _bसन्मार्ग प्रकाशन _c1992 |
||
| 270 |
_bदिल्ली _a16, यु. बी. बैंगलो रोड, जवाहर नगर _e110007 |
||
| 300 |
_a95पृ. _c21सेमी (सजिल्द) |
||
| 650 |
_aहिन्दी साहित्य _967333 |
||
| 650 |
_aहिन्दी साहित्य -- उपन्यास _946379 |
||
| 650 |
_aHindi literature _967334 |
||
| 650 |
_aHindi literature -- Fiction _967335 |
||
| 942 |
_2ddc _cHN _hउ _mमित्रवि |
||
| 999 |
_c116598 _d116598 |
||